Mecánica de fluidos

Bibliographic Details
Main Authors: Streeter, Víctor, Wylie, Benjamín, Bedford, Keith W.
Format: Section = Libro
Language:Undetermined
Spanish
Published: Santafé de Bogotá, Colombia McGraw-Hill 2000
Edition:9a.ed
Subjects:
LEADER 00765nam a2200277Ia 4500
008 240830s9999 xx 000 0 und d
020 |a 958-600-987-4 
040 |a B-ESTELÍ- RUACS / 620.106 S915 
041 |a spa 
082 |a 620.106 S915 
100 1 |a Streeter, Víctor 
100 1 |b  Wylie, Benjamín 
100 1 |c  Bedford, Keith W. 
245 1 0 |a Mecánica de fluidos 
250 |a 9a.ed 
260 |a Santafé de Bogotá, Colombia  |b McGraw-Hill  |c 2000 
300 |a 740 p. : il. 
650 7 |a MECÁNICA DE FLUIDOS 
650 7 |b  ESTATICA DE FLUIDOS 
650 7 |c  ECUACIONES DIFERENCIALES BASICADS 
650 7 |d  FLUJO VISCOSO - TUBERIAS 
650 7 |e  FLUJO DE FLUIDOS 
650 7 |f MEDICIONES 
942 |c BK  |2 ddc 
991 |a TEXTO 
999 |c 11171